000 00629nam a22002177a 4500
003 UA-OsUOA
001 87703
007 ta
008 20120921b un ||||| |||| 00| 0 ukr d
090 _a911(038)
_bС48
942 _cBK
040 _aUA-OsUOA
_brus
_cUA-OsUOA
_dUA-OsUOA
245 _aСловарь общегеографических терминов
_b1
_cРед. Кудрявцева Л. Н.
300 _a407 с.
955 _a1
041 _arus
080 _a911(038)
260 _aМ.
_bПрогресс
_c1975
650 7 _a911 Теоретичнії питання з географії
_2UDC
999 _c374019
_d374019